United Nations Geoscheme - Africa - Statistics

General Stats
  • This quiz has been taken 38 times
    35 since last reset
  • The average score is 50 of 62
Answer Stats
Answer % Correct
Algeria
100%
Morocco
100%
Egypt
95%
Libya
95%
Benin
90%
Cape Verde
90%
Comoros
90%
Djibouti
90%
Sudan
90%
Tunisia
90%
Angola
85%
Botswana
85%
Burundi
85%
Cameroon
85%
Central African Republic
85%
Chad
85%
Eritrea
85%
Ethiopia
85%
Ghana
85%
Guinea
85%
Ivory Coast
85%
Kenya
85%
Madagascar
85%
Mali
85%
Mauritania
85%
Mauritius
85%
Niger
85%
Nigeria
85%
Rwanda
85%
Seychelles
85%
Sierra Leone
85%
South Sudan
85%
Tanzania
85%
Uganda
85%
Western Sahara
85%
Zambia
85%
Zimbabwe
85%
Burkina Faso
80%
Democratic Republic of the Congo
80%
Equatorial Guinea
80%
Eswatini
80%
Gabon
80%
Guinea-Bissau
80%
Lesotho
80%
Liberia
80%
Malawi
80%
Mozambique
80%
Namibia
80%
Republic of the Congo
80%
Somalia
80%
South Africa
80%
Togo
80%
Gambia
75%
Sao Tome and Principe
75%
Senegal
75%
Mayotte
65%
Reunion
65%
Ascension Island
55%
Saint Helena
55%
Tristan da Cunha
55%
British Indian Ocean Territory
50%
French Southern Territories
45%
No matching quizzes found
Score Distribution
Percent of People with Each Score
Percentile by Number Answered
Your Score History
You have not taken this quiz since the last reset